[Event "Satka Summer op"]
[Site "Satka"]
[Date "2014.07.06"]
[Round "5"]
[White "Drygalov, Andrey"]
[Black "Ibragimov, Maxim"]
[Result "1-0"]
[WhiteElo "2076"]
[BlackElo "2154"]
[PlyCount "85"]
[EventDate "2014.07.02"]
[EventType "swiss"]
[EventRounds "9"]
[EventCountry "RUS"]
[SourceTitle "CBM 161 Extra"]
[Source "ChessBase"]
[SourceDate "2014.08.29"]
[SourceVersion "1"]
[SourceVersionDate "2014.08.29"]
[SourceQuality "1"]

1. e4 e5 2. Nf3 Nc6 3. Bc4 Bc5 4. c3 Nf6 5. d3 d6 6. 0-0 h6 7. h3 Bb6 8. b4 0-0 9. Re1 Ne7 10. Nbd2 Ng6 11. Nf1 Nh5 12. a4 a5 13. Be3 Bxe3 14. fxe3 Nf6 15. b5 d5 16. exd5 Nxd5 17. Ng3 Be6 18. Qb3 Qd7 19. d4 c6 20. Ne4 exd4 21. Nc5 Qc7 22. cxd4 Kh7 23. b6 Qg3 24. Ne4 Qb8 25. Rad1 Qd8 26. Nc5 Qe7 27. Rd2 Rae8 28. Nxe6 fxe6 29. Bd3 Qf6 30. Ne5 Nde7 31. Nd7 Qh4 32. Nxf8+ Rxf8 33. Rf1 Rxf1+ 34. Kxf1 Nd5 35. Bxg6+ Kxg6 36. Qd3+ Kf7 37. Rf2+ Kg8 38. e4 Nf6 39. Qe3 Qxe4 40. Qxe4 Nxe4 41. Rc2 Nf6 42. Rc5 Nd5 43. Rxc6 1-0

[Event "Satka Summer op"]
[Site "Satka"]
[Date "2014.07.03"]
[Round "2"]
[White "Ibragimov, Maxim"]
[Black "Polosin, Evgeni"]
[Result "1-0"]
[WhiteElo "2154"]
[BlackElo "2019"]
[PlyCount "65"]
[EventDate "2014.07.02"]
[EventType "swiss"]
[EventRounds "9"]
[EventCountry "RUS"]
[SourceTitle "CBM 161 Extra"]
[Source "ChessBase"]
[SourceDate "2014.08.29"]
[SourceVersion "1"]
[SourceVersionDate "2014.08.29"]
[SourceQuality "1"]

1. e4 e5 2. Nf3 Nc6 3. Bb5 Nge7 4. d4 exd4 5. Bg5 d6 6. Nxd4 Bd7 7. Nc3 Nxd4 8. Bxd7+ Qxd7 9. Qxd4 Nc6 10. Qe3 Be7 11. 0-0-0 Bxg5 12. Qxg5 0-0 13. Rd3 h6 14. Qf4 Rae8 15. Nd5 f5 16. exf5 Rxf5 17. Qd2 Qf7 18. f3 Rfe5 19. Qf4 Qe6 20. Rhd1 Rf8 21. Qa4 Rf7 22. Qb5 Nd8 23. Qb3 c6 24. Ne3 d5 25. c4 Rc7 26. f4 Re4 27. Kb1 Nf7 28. cxd5 cxd5 29. f5 Qc6 30. Nxd5 Rc8 31. f6 gxf6 32. Rc3 Rc4 33. Ne7+ 1-0

[Event "Ufa SFGU Cup tt"]
[Site "Ufa"]
[Date "2012.12.05"]
[Round "3"]
[White "Ibragimov, Maxim"]
[Black "Idrisov, Ildar F"]
[Result "1-0"]
[WhiteElo "2189"]
[BlackElo "2286"]
[PlyCount "38"]
[EventDate "2012.12.03"]
[EventType "team-swiss"]
[EventRounds "7"]
[EventCountry "RUS"]
[SourceTitle "CBM 152 Extra"]
[Source "ChessBase"]
[SourceDate "2013.02.25"]
[SourceVersion "1"]
[SourceVersionDate "2013.02.25"]
[SourceQuality "1"]

1. e4 d5 2. exd5 Qxd5 3. Nc3 Qd6 4. g3 c6 5. Bg2 Nf6 6. Nge2 Bf5 7. d3 e6 8. 0-0 Be7 9. b4 0-0 10. b5 Nd5 11. bxc6 bxc6 12. Rb1 Nd7 13. Ne4 Qc7 14. c4 N5f6 15. Nd4 Bxe4 16. dxe4 e5 17. Nf5 Bc5 18. Qa4 g6 19. Ne3 Rfb8 1-0

[Event "Anapa op"]
[Site "Anapa"]
[Date "2012.09.05"]
[Round "6"]
[White "Ibragimov, Maxim"]
[Black "Platonov, Igor"]
[Result "1-0"]
[WhiteElo "2184"]
[BlackElo "1963"]
[PlyCount "63"]
[EventDate "2012.08.30"]
[EventType "swiss"]
[EventRounds "9"]
[EventCountry "RUS"]
[SourceTitle "CBM 150 Extra"]
[Source "ChessBase"]
[SourceDate "2012.10.19"]
[SourceVersion "1"]
[SourceVersionDate "2012.10.19"]
[SourceQuality "1"]

1. e4 c5 2. Nf3 Nc6 3. Bb5 Nd4 4. Nxd4 cxd4 5. 0-0 a6 6. Bc4 Nf6 7. d3 d5 8. exd5 Nxd5 9. Qf3 Nf6 10. Bg5 e6 11. Nd2 h6 12. Bxf6 gxf6 13. Rae1 h5 14. Ne4 Be7 15. Qg3 f5 16. Qg7 Kd7 17. Qxd4+ Kc6 18. Qxd8 Bxd8 19. Nd2 b5 20. Bb3 Bd7 21. Nf3 Bf6 22. Ne5+ Kc7 23. Nxf7 Rh7 24. Ne5 Bc8 25. c3 Kd6 26. d4 Bb7 27. Nd3 Rg8 28. Rxe6+ Kc7 29. g3 h4 30. Rxf6 hxg3 31. fxg3 Rxh2 32. Kxh2 1-0

[Event "Anapa op"]
[Site "Anapa"]
[Date "2012.09.04"]
[Round "5"]
[White "Iskhakov, Artur"]
[Black "Ibragimov, Maxim"]
[Result "0-1"]
[WhiteElo "1915"]
[BlackElo "2184"]
[PlyCount "104"]
[EventDate "2012.08.30"]
[EventType "swiss"]
[EventRounds "9"]
[EventCountry "RUS"]
[SourceTitle "CBM 150 Extra"]
[Source "ChessBase"]
[SourceDate "2012.10.19"]
[SourceVersion "1"]
[SourceVersionDate "2012.10.19"]
[SourceQuality "1"]

1. e4 e5 2. f4 Nf6 3. fxe5 Nxe4 4. Nf3 Ng5 5. Nc3 Nc6 6. Bb5 Nxf3+ 7. Qxf3 Nd4 8. Qe4 Nxb5 9. Nxb5 a6 10. Nd6+ Bxd6 11. exd6+ Kf8 12. 0-0 cxd6 13. d3 d5 14. Qf3 Qf6 15. Qxf6 gxf6 16. Bh6+ Ke7 17. Rae1+ Kd8 18. Bg7 Rg8 19. Bxf6+ Kc7 20. Be5+ d6 21. Rxf7+ Kc6 22. Bd4 Bh3 23. g3 h5 24. Ree7 Rgf8 25. Rc7+ Kb5 26. Rxb7+ Ka4 27. a3 a5 28. Bc3 Rxf7 29. Rxf7 Kb5 30. Kf2 Rc8 31. Ra7 Kb6 32. Bd4+ Kb5 33. Rb7+ Ka4 34. c3 Re8 35. Rb6 Re6 36. Be3 Bg4 37. h3 Rf6+ 38. Kg2 Bf3+ 39. Kg1 Be2 40. Bc5 Rf1+ 41. Kg2 dxc5 42. b4 cxb4 43. axb4 Bxd3 44. bxa5 Kxa5 45. Rd6 Rf5 46. g4 Be4+ 47. Kg3 Rf3+ 48. Kh4 hxg4 49. hxg4 Rxc3 50. g5 Rc7 51. g6 Kb5 52. Kg5 Rg7 0-1

[Event "Ufa Gumerov Memorial op"]
[Site "Ufa"]
[Date "2012.08.03"]
[Round "3"]
[White "Ardashirov, Akhtjam"]
[Black "Ibragimov, Maxim"]
[Result "0-1"]
[WhiteElo "1994"]
[BlackElo "2163"]
[PlyCount "122"]
[EventDate "2012.08.01"]
[EventType "swiss"]
[EventRounds "9"]
[EventCountry "RUS"]
[SourceTitle "EXT 2013"]
[Source "ChessBase"]
[SourceDate "2012.11.22"]
[SourceVersion "1"]
[SourceVersionDate "2012.11.22"]
[SourceQuality "1"]

1. d4 Nf6 2. Nf3 e6 3. Bg5 Be7 4. Nbd2 d5 5. e3 Nbd7 6. Bd3 b6 7. Ne5 Nxe5 8. dxe5 Nd7 9. Bxe7 Qxe7 10. f4 Nc5 11. 0-0 Nxd3 12. cxd3 0-0 13. Rc1 c5 14. Rf3 f6 15. d4 Ba6 16. Rg3 fxe5 17. dxe5 Rad8 18. Nf3 d4 19. exd4 Rxf4 20. Qd2 Qf7 21. h3 h6 22. b4 Bb7 23. bxc5 Bxf3 24. gxf3 bxc5 25. Rxc5 Rfxd4 26. Qe3 Rd3 27. Qe4 R3d4 28. Qe3 Rd1+ 29. Kh2 R8d2+ 30. Rg2 Rxg2+ 31. Kxg2 Qg6+ 32. Kh2 Ra1 33. Rc8+ Kh7 34. Qf2 Qb1 35. Qc2+ Qxc2+ 36. Rxc2 Kg6 37. Rf2 Kf5 38. f4 a5 39. Kg3 a4 40. Kf3 Rh1 41. Kg2 Rb1 42. Kf3 g5 43. fxg5 hxg5 44. Re2 Rb4 45. Kg3 Rb5 46. Rf2+ Kxe5 47. Kg4 Kd6 48. Re2 a3 49. Re3 Ra5 50. Kh5 Kd5 51. Rg3 Kd4 52. Rxg5 e5 53. Kg4 Ra8 54. Kf3 e4+ 55. Ke2 Rb8 56. Rg7 Rb2+ 57. Ke1 Rxa2 58. Rd7+ Ke3 59. Kd1 Rh2 60. Ra7 a2 61. Ra3+ Kf4 0-1

[Event "Ufa Abelguzin Cup"]
[Site "Ufa"]
[Date "2012.03.31"]
[Round "9"]
[White "Kalegin, Evgenij"]
[Black "Ibragimov, Maxim"]
[Result "1-0"]
[WhiteElo "2479"]
[BlackElo "2185"]
[PlyCount "51"]
[EventDate "2012.03.23"]
[EventType "tourn"]
[EventRounds "9"]
[EventCountry "RUS"]
[SourceTitle "EXT 2013"]
[Source "ChessBase"]
[SourceDate "2012.11.22"]
[SourceVersion "1"]
[SourceVersionDate "2012.11.22"]
[SourceQuality "1"]

1. e4 e5 2. Nf3 Nc6 3. Bb5 a6 4. Ba4 Bc5 5. c3 d6 6. 0-0 b5 7. Bb3 Nf6 8. d4 Bb6 9. h3 h6 10. a4 Rb8 11. axb5 axb5 12. Na3 Ba6 13. Re1 0-0 14. dxe5 dxe5 15. Qe2 Ra8 16. Rd1 Qe7 17. Nh4 Rfd8 18. Nf5 Rxd1+ 19. Qxd1 Qf8 20. Qf3 Nh7 21. Qh5 Ng5 22. Bxg5 hxg5 23. Qg6 Nd8 24. Nh6+ Kh8 25. Nxf7+ Nxf7 26. Bxf7 1-0

[Event "Ufa Abelguzin Cup"]
[Site "Ufa"]
[Date "2012.03.30"]
[Round "8"]
[White "Ibragimov, Maxim"]
[Black "Imashev, Ildar"]
[Result "0-1"]
[WhiteElo "2185"]
[BlackElo "2283"]
[PlyCount "128"]
[EventDate "2012.03.23"]
[EventType "tourn"]
[EventRounds "9"]
[EventCountry "RUS"]
[SourceTitle "EXT 2013"]
[Source "ChessBase"]
[SourceDate "2012.11.22"]
[SourceVersion "1"]
[SourceVersionDate "2012.11.22"]
[SourceQuality "1"]

1. e4 e5 2. Nf3 Nf6 3. Nc3 Bb4 4. Nxe5 0-0 5. Be2 Re8 6. Nf3 Nxe4 7. Nxe4 Rxe4 8. c3 Bf8 9. 0-0 d5 10. d4 Re8 11. Qc2 h6 12. Ne5 Nd7 13. f4 Nf6 14. f5 c5 15. Rf3 Bd6 16. Rg3 Ne4 17. Rf3 Bxe5 18. dxe5 Rxe5 19. g4 Qh4 20. Rf1 Bd7 21. Bf4 Ree8 22. Qd3 Bc6 23. Bf3 h5 24. Bxe4 Rxe4 25. Qg3 Qxg4 26. Qxg4 hxg4 27. Bd6 b6 28. f6 Re2 29. fxg7 Kxg7 30. Rf4 Bd7 31. Raf1 f5 32. R4f2 Re4 33. b4 c4 34. Rd1 Be6 35. Kg2 Kg6 36. Bf4 Bf7 37. Rdf1 Rae8 38. Bd6 Be6 39. Rd2 Kg5 40. Rd4 Bf7 41. Bf4+ Kg6 42. Rd2 Rd8 43. Rd4 Re2+ 44. Rf2 Rde8 45. Rd2 Re1 46. Rc2 d4 47. Rf1 Bd5+ 48. Kg1 Rxf1+ 49. Kxf1 Be4 50. Rc1 Bd3+ 51. Kg1 dxc3 52. Rxc3 Re1+ 53. Kg2 Re2+ 54. Kg3 Rxa2 55. h3 gxh3 56. Kxh3 Ra1 57. Kg3 Kf6 58. Kf3 Ke6 59. Ke3 Kd5 60. Bh6 b5 61. Bg7 Rg1 62. Bh6 a5 63. Bf8 axb4 64. Bxb4 Rb1 0-1

[Event "Ufa-ch FL"]
[Site "Ufa"]
[Date "2011.11.26"]
[Round "6.1"]
[White "Kolev, Gari"]
[Black "Ibragimov, Maxim"]
[Result "0-1"]
[WhiteElo "2009"]
[BlackElo "2095"]
[PlyCount "116"]
[EventDate "2011.11.20"]
[EventType "swiss"]
[EventRounds "9"]
[EventCountry "RUS"]
[SourceTitle "EXT 2022"]
[Source "ChessBase"]
[SourceDate "2021.10.06"]
[SourceVersion "1"]
[SourceVersionDate "2021.10.06"]
[SourceQuality "1"]

1. e4 c5 2. Nc3 d6 3. g3 Nc6 4. Bg2 e5 5. Nge2 g6 6. 0-0 Bg7 7. d3 Nge7 8. Be3 0-0 9. Qd2 Nd4 10. Nd5 Nxd5 11. exd5 Nf5 12. Nc3 Bd7 13. Ne4 Qe7 14. Rab1 a5 15. Qc1 Nxe3 16. fxe3 b5 17. Qd2 f5 18. Nf2 Qd8 19. Nd1 Qb6 20. c4 bxc4 21. dxc4 e4 22. Nf2 h5 23. Nh3 Be5 24. Ng5 Qd8 25. Nh3 Rb8 26. b3 Rb7 27. Nf4 Kh7 28. h3 Qg5 29. Kh2 Ra7 30. Rg1 Qh6 31. h4 Rb8 32. a3 Qg7 33. Ne2 Qe7 34. Kh1 Bxg3 35. Bh3 Bxh4 36. Nf4 Rg8 37. Qe2 Be8 38. Qg2 Qg7 39. Ne6 Qf6 40. Rbf1 Bf7 41. Nf4 Kh8 42. Qe2 Raa8 43. Rg2 Rg7 44. Nxh5 gxh5 45. Rxf5 Rxg2 46. Qxg2 Qg7 47. Qxe4 Bg6 48. Qxh4 Bxf5 49. Bxf5 Qh6 50. Be6 Rf8 51. Qe1 Qf6 52. Kg2 Qf3+ 53. Kg1 Rf6 54. Qa1 Kh7 55. Qb1+ Kh6 56. Kh2 Qf2+ 57. Kh1 Rg6 58. Bh3 Qf3+ 0-1

[Event "Sterlitamak op"]
[Site "Sterlitamak"]
[Date "2011.06.30"]
[Round "4"]
[White "Vlasov, Andrey"]
[Black "Ibragimov, Maxim"]
[Result "1-0"]
[WhiteElo "2281"]
[BlackElo "2175"]
[PlyCount "117"]
[EventDate "2011.06.27"]
[EventType "swiss"]
[EventRounds "9"]
[EventCountry "RUS"]
[SourceTitle "EXT 2012"]
[Source "ChessBase"]
[SourceDate "2011.11.24"]
[SourceVersion "1"]
[SourceVersionDate "2011.11.24"]
[SourceQuality "1"]

1. d4 Nf6 2. c4 e6 3. g3 d5 4. Bg2 c6 5. Nf3 Be7 6. 0-0 0-0 7. Qc2 Nbd7 8. Nc3 b6 9. Rd1 Bb7 10. b3 Rc8 11. e4 dxe4 12. Nxe4 Nxe4 13. Qxe4 Nf6 14. Qc2 Rc7 15. Bg5 h6 16. Bxf6 Bxf6 17. c5 Rd7 18. Rd2 bxc5 19. Qxc5 Be7 20. Qxa7 Ba8 21. Qa4 c5 22. Rad1 Bxf3 23. Bxf3 Bf6 24. d5 Bd4 25. Kg2 e5 26. b4 cxb4 27. Qxb4 Qc7 28. Qa4 Qa7 29. Qxa7 Rxa7 30. Be2 Rd8 31. Bc4 Kf8 32. Kf3 Ke7 33. Bb3 Rc8 34. Ke4 g6 35. f4 Kd6 36. fxe5+ Bxe5 37. Kf3 Ra5 38. Kg2 f6 39. Re2 Ra7 40. Rf1 Rf7 41. Re4 Rcc7 42. Ra4 Ra7 43. Rc1 Rxa4 44. Rc6+ Ke7 45. Re6+ Kd8 46. Bxa4 Ra7 47. Re8+ Kc7 48. Bb3 Kd6 49. Rg8 g5 50. Rh8 Bd4 51. Rxh6 Re7 52. Kf3 Ke5 53. h4 gxh4 54. Rxh4 Bc5 55. a4 Kf5 56. Rf4+ Ke5 57. Re4+ Kd6 58. Rxe7 Kxe7 59. Ke4 1-0